000
00338nam a2200133Ia 4500
008
231129s1996||||xx |||||||||||||| ||spa||
020
_a
968-24-5284-8
040
_b
spa
082
_a
687.143 R784
245
0
_a
Ropa y juguetes para niƱos
260
_c
1996
264
_a
Trillas
942
_2
ddc
_c
BKS
999
_c
24179
_d
24179